Longest Beatles Songs - Statistics

General Stats
  • This quiz has been taken 15 times
  • The average score is 6 of 10
Answer Stats
Rank Album Time Song % Correct
3 Single 7:11 Hey Jude
93%
10 Abbey Road 4:19 Come Together
79%
6 Sgt. Pepper's Lonely Hearts Club Band 5:33 A Day In the Life
71%
1 The Beatles (White Album) 8:22 Revolution 9
71%
2 Abbey Road 7:47 I Want You (She's So Heavy)
64%
7 Sgt. Pepper's Lonely Hearts Club Band 5:04 Within You Without You
57%
8 The Beatles (White Album) 4:45 While My Guitar Gently Weeps
50%
9 The Beatles (White Album) 4:29 Helter Skelter
43%
4 Yellow Submarine 6:25 It's All Too Much
43%
5 Single (B-Side) 6:11 You Know My Name (Look Up the Number)
21%
No matching quizzes found
Score Distribution
Percent of People with Each Score
Percentile by Number Answered
Your Score History
You have not taken this quiz